Fast Static RAM : Component and Module Data /

Se abordan memorias del tipo SRAM (memoria estática de acceso aleatorio) para casi cualquier aplicación de sistemas procesos de datos digitales. Se incluyen especificaciones de estos dispositivos para circuitos individuales FSRAM acompañado con una explicación y calidad del programa con una sección...

Szczegółowa specyfikacja

Zapisane w:
Opis bibliograficzny
Korporacja: Motorola
Format: Książka
Język:angielski
Wydane: Phoenix, EUA : Motorola, 1997, c1997
Hasła przedmiotowe:
Etykiety: Dodaj etykietę
Nie ma etykietki, Dołącz pierwszą etykiete!

MARC

LEADER 00000nam^a2200000^a^4500
001 000279001
005 20250619000000.0
009 20260310111421.272
025 |a Donación sin dato, 1 ejemplar 
037 |a Acervo ITESO - Biblioteca 
041 |a ING 
082 |a 621. 3973  |b MOT 
110 |a Motorola 
245 1 0 |a Fast Static RAM :  |b Component and Module Data /  |c Motorola. 
264 4 |a Phoenix, EUA :  |b Motorola,  |c 1997, c1997 
300 |a 1 v. (varias paginaciones) 
336 |a texto  |b txt  |2 rdacontenido 
337 |a sin mediación  |b n  |2 rdamedio 
338 |a volumen  |b nc  |2 rdasoporte 
520 |a Se abordan memorias del tipo SRAM (memoria estática de acceso aleatorio) para casi cualquier aplicación de sistemas procesos de datos digitales. Se incluyen especificaciones de estos dispositivos para circuitos individuales FSRAM acompañado con una explicación y calidad del programa con una sección de aplicaciones. 
649 |a XX 
650 |a RAM (Random Access Memory) -  |x Tema Principal 
650 |a Memorias (Ingeniería Computacional) 
650 |a Ingeniería Electrónica 
650 |a Ingeniería Computacional 
910 |a Fondo General 
920 |a Impresos - Libros 
930 |a Colección General 
905 |a 101 
901 |a 0500164301  |b IT1  |c ACC  |d DT  |i D  |u 20250619 
902 |a https://opac.biblio.iteso.mx/vufind/Record/000279001